000 00273nam a2200121Ia 4500
100 _aMotor Vehicles Dept.
942 _cRB
245 _aBasic Road Transport Statisties
260 _bMaharashtra Govt.
_aBombay
_c1986
082 _a388.3
300 _a96
546 _aENGLISH
999 _c29143
_d29143